000 01622nam2a22002771 4500
001 rc\4045949
005 20250611070846.0
021 _aRU
_b[46-3064]
035 _a(NLR Aleph) 008102980
090 _a9256194
_c9256194
100 _a20130415d1946 |||y0rusy50 ca
101 0 _arus
102 _aRU
105 _ay z |||||
200 1 _aНакопление капитала и обнищание пролетариата
_eСтенограммы лекций чл.-кор. Акад. наук СССР К.В. Островитянова, прочит. в 1944-1945 учеб. году
210 _aМосква
_cТип. [Высш. парт. школы при ЦК ВКП(б)]
_d1946
215 _a40 с.
461 0 _1001rc\4045942
_12001#$aКурс политической экономии$eЛекция 1-$fВысш. школа парт. организаторов при ЦК ВКП(б)$vЛекции 13 и 14
_99256155
_cМосква
_d1946
_fВысш. школа парт. организаторов при ЦК ВКП(б)
_nТип. [Высш. парт. школы при ЦК ВКП(б)]
_oЛекция 1-
_tКурс политической экономии
_vЛекции 13 и 14
606 _aКапитал
_xНакопление (лекции 13 и 14)
_2psbo
606 _aРабочий класс
_xОбнищание в условиях капитализма (лекции 13 и 14)
_2psbo
702 1 _aОстровитянов
_bК.В.
_gКонстантин Васильевич
_4570
801 0 _aRU
_bNLR
_gpsbo
801 1 _aRU
_bELAR
_2rusmarc
852 _aNLR
_jЭк14 Г-6/22
942 _cBOOK
980 _aNB